000 nam a22 7a 4500
999 _c8928
_d8928
008 180120b ||||| |||| 00| 0 eng d
100 _aGinn & Company
_95243
245 _aGinn Mathematics
260 _aLondon
_bGinn
_c1985